Flags with a cross - Sudden Death - Statistics

General Stats
  • This quiz has been taken 1,063 times
    667 since last reset
  • The average score is 7 of 15
Answers on the Grid
Answers color-coded by a green-red scale on the quiz's grid according to % correct below.
Australia
Afghanistan
Belize
Norway
Russia
Iceland
Moldova
Georgia
Mozambique
Spain
San Marino
Vatican
Vietnam
Cyprus
Zimbabwe
St. Lucia
Fiji
North Macedonia
Nepal
Lesotho
Serbia
Tonga
Tuvalu
Kyrgyzstan
Dominica
Dominican Republic
North Korea
Guinea-Bissau
Brazil
Slovakia
 
Answer Stats
Answer % Correct
Norway
92%
Iceland
88%
Georgia
78%
Vatican
68%
Australia
58%
Slovakia
54%
Tonga
43%
San Marino
42%
Fiji
40%
Dominican Republic
37%
Serbia
34%
Spain
32%
Dominica
30%
Tuvalu
24%
Moldova
23%
No matching quizzes found
Score Distribution
Percent of People with Each Score
Percentile by Number Answered
Your Score History
You have not taken this quiz since the last reset